[Event "Rouen op 9th"]
[Site "Rouen"]
[Date "2016.12.18"]
[Round "2"]
[White "Cassiau, Kevin"]
[Black "Demol, Sylvain"]
[Result "1-0"]
[WhiteElo "1509"]
[BlackElo "1250"]
[PlyCount "73"]
[EventDate "2016.12.17"]
[EventType "swiss"]
[EventRounds "7"]
[EventCountry "FRA"]
[SourceTitle "CBM 176 Extra"]
[Source "ChessBase"]
[SourceDate "2017.03.02"]
[SourceVersion "1"]
[SourceVersionDate "2017.03.02"]
[SourceQuality "1"]

1. e4 e5 2. Nf3 Nc6 3. Bc4 Nf6 4. d4 exd4 5. e5 d5 6. Bb5 Bd7 7. exf6 Qxf6 8. 0-0 Qd6 9. Re1+ Be6 10. Nxd4 Be7 11. Nxe6 fxe6 12. Qg4 Kd7 13. Bf4 h5 14. Qe2 Qxf4 15. Qxe6+ Kd8 16. Bxc6 bxc6 17. Qxe7+ Kc8 18. Nc3 Rf8 19. Qe2 Kb7 20. Nxd5 cxd5 21. Qb5+ Kc8 22. Re8+ Rxe8 23. Qxe8+ Kb7 24. Qb5+ Kc8 25. Re1 Qf7 26. Re8+ Qxe8 27. Qxe8+ Kb7 28. Qb5+ Kc8 29. Qxd5 Rb8 30. Qg8+ Kb7 31. Qxg7 Ka8 32. f4 a5 33. Qxc7 Rb7 34. Qxa5+ Ra7 35. Qxa7+ Kxa7 36. f5 Kb7 37. f6 1-0